Contemporary women's health : issues for today and the future
This text provides a balanced, comprehensive understanding of the health issues affecting women. Health information is presented within the context of the social and political forces affecting women of all ages, races, and ethnicities. Text highlights include detailed information on prevention and c...
Đã lưu trong:
| 主要作者: | |
|---|---|
| 格式: | 图书 |
| 语言: | Undetermined |
| 出版: |
Boston, Mass. McGraw-Hill/Irwin
McGraw-Hill/Irwin
2004
|
| 主题: | |
| 标签: |
添加标签
没有标签, 成为第一个标记此记录!
|
| Thư viện lưu trữ: | Trung tâm Học liệu Trường Đại học Cần Thơ |
|---|
| LEADER | 01170nam a2200229Ia 4500 | ||
|---|---|---|---|
| 001 | CTU_168323 | ||
| 008 | 210402s9999 xx 000 0 und d | ||
| 020 | |c 9 | ||
| 082 | |a 613.04244 | ||
| 082 | |b K81 | ||
| 100 | |a Kolander, Cheryl A. | ||
| 245 | 0 | |a Contemporary women's health : | |
| 245 | 0 | |b issues for today and the future | |
| 245 | 0 | |c Cheryl A Kolander, Danny J Ballard, Cynthia K Chandler | |
| 260 | |a Boston, Mass. McGraw-Hill/Irwin | ||
| 260 | |b McGraw-Hill/Irwin | ||
| 260 | |c 2004 | ||
| 520 | |a This text provides a balanced, comprehensive understanding of the health issues affecting women. Health information is presented within the context of the social and political forces affecting women of all ages, races, and ethnicities. Text highlights include detailed information on prevention and consumer choice, as well as coverage of the impact of lifestyle issues and relationships on women’s health throughout the lifespan. | ||
| 650 | |a Women,Women's Health,Phụ nữ,Sức khỏe phụ nữ | ||
| 650 | |x Health and hygiene,Sức khỏe và vệ sinh | ||
| 904 | |i Năm | ||
| 980 | |a Trung tâm Học liệu Trường Đại học Cần Thơ | ||